000
00312nam a22001337a 4500
999
_c
531816
_d
531816
003
NUST
038
_a
waseem
082
_a
297.5
_b
SHE
100
_a
Sheikh, Mumtaz Ahmed
_9
24901
245
_a
Looh /
_c
Mumtaz Ahmed Sheikh
260
_a
Karachi :
_b
Rabar Publisher,
_c
2019.
300
_a
672 p. ;
942
_2
ddc
_c
BK